Most Recently Executed Person In Each U. S. State - Statistics

General Stats
  • This quiz has been taken 10 times
  • The average score is 27 of 52
Answer Stats
Name Date Method Current Status State % Correct
Anthony Todd Boyd October 23, 2025 Nitrogen Hypoxia Maintain Alabama
80%
Charles Ray Crawford October 15, 2025 Lethal Injection Maintain Mississippi
80%
(Not a state) Pascual Ramos September 15, 1927 Hanging Abolished Puerto Rico
80%
John Gordon February 13, 1845 Hanging Abolished Rhode Island
80%
Cedric Allen Ricks March 11, 2026 Lethal Injection Maintain Texas
80%
(Not a state) Imoa of Fagotogo November 24, 1939 Hanging Maintain American Samoa
60%
Kenneth Dewayne Williams April 27, 2017 Lethal Injection Maintain Arkansas
60%
Michael Bruce Ross May 13, 2005 Lethal Injection Abolished Connecticut
60%
(Not a state) Robert Eugene Carter April 26, 1957 Electric Chair Abolished DC
60%
Shannon M. Jackson April 20, 2012 Lethal Injection Abolished Delaware
60%
Frank Athen Walls March 17, 2026 Lethal Injection Maintain Florida
60%
Willie James Pye March 20, 2024 Lethal Injection Maintain Georgia
60%
Charles Edwin Kelley September 6, 1962 Hanging Abolished Iowa
60%
George York & James Latham June 22, 1965 Hanging Maintain Kansas
60%
Marco Allen Chapman November 21, 2008 Lethal Injection Maintain Kentucky
60%
Jessie Dean Hoffman Jr. March 18, 2025 Nitrogen Hypoxia Maintain Louisiana
60%
Daniel Wilkinson October 21, 1885 Hanging Abolished Maine
60%
Wesley Eugene Baker December 5, 2005 Lethal Injection Abolished Maryland
60%
Philip Bellino & Edward Gertson May 9, 1947 Electric Chair Abolished Massachusetts
60%
Lance Collin Shockley October 14, 2025 Lethal Injection Maintain Missouri
60%
Howard Long July 14, 1939 Hanging Abolished New Hampshire
60%
Ralph Hudson January 22, 1963 Electric Chair Abolished New Jersey
60%
Eddie Lee Mays August 15, 1963 Electric Chair Abolished New York
60%
Kendrick Antonio Simpson February 12, 2026 Lethal Injection Maintain Oklahoma
60%
Stephen Corey Bryant November 14, 2025 Firing Squad Maintain South Carolina
60%
Harold Wayne Nichols December 11, 2025 Lethal Injection Maintain Tennessee
60%
Donald Edward DeMag December 8, 1954 Electric Chair Abolished Vermont
60%
William Morva July 6, 2017 Lethal Injection Abolished Virginia
60%
Elmer David Bruner April 3, 1959 Electric Chair Abolished West Virginia
60%
Richard Kenneth Djerf October 17, 2025 Lethal Injection Maintain Arizona
40%
Gary Lee Davis October 13, 1997 Lethal Injection Abolished Colorado
40%
(Not a state) Dustin John Higgs January 16, 2021 Lethal Injection Maintain Federal Government
40%
Richard Albert Leavitt June 12, 2012 Lethal Injection Maintain Idaho
40%
Andrew Kokraleis March 17, 1999 Lethal Injection Abolished Illinois
40%
Roy Lee Ward October 10, 2025 Lethal Injection Maintain Indiana
40%
(Not a state) John Arthur Bennett April 13, 1961 Hanging Maintain Military
40%
William Williams February 13, 1906 Hanging Abolished Minnesota
40%
David Thomas Dawson August 11, 2006 Lethal Injection Maintain Montana
40%
Carey Dean Moore August 14, 2018 Lethal Injection Maintain Nebraska
40%
Daryl Linnie Mack April 26, 2006 Lethal Injection Maintain Nevada
40%
Terry Douglas Clark November 6, 2001 Lethal Injection Abolished New Mexico
40%
Samuel Russell Flippen August 18, 2006 Lethal Injection Maintain North Carolina
40%
John Rooney November 17, 1905 Hanging Abolished North Dakota
40%
Robert J. Van Hook July 18, 2018 Lethal Injection Maintain Ohio
40%
Harry Charles Moore May 16, 1997 Lethal Injection Maintain Oregon
40%
Gary Michael Heidnik July 6, 1999 Lethal Injection Maintain Pennsylvania
40%
Charles Russell Rhines November 4, 2019 Lethal Injection Maintain South Dakota
40%
Taberon Dave Honie August 8, 2024 Lethal Injection Maintain Utah
40%
Cal Coburn Brown September 10, 2010 Lethal Injection Abolished Washington
40%
John McCaffary August 21, 1851 Hanging Abolished Wisconsin
40%
Mark Allen Hopkinson January 22, 1992 Lethal Injection Maintain Wyoming
40%
Clarence Ray Allen January 17, 2006 Lethal Injection Maintain California
20%
No matching quizzes found
Score Distribution
Percent of People with Each Score
Percentile by Number Answered
Your Score History
You have not taken this quiz